|
|
|
|
| LEADER |
00676nab a2200181 i 4500 |
| 001 |
acta34550 |
| 005 |
20210412153907.0 |
| 008 |
161017s2014 hu o 0|| eng d |
| 022 |
|
|
|a 1588-385X
|
| 040 |
|
|
|a SZTE Egyetemi Kiadványok Repozitórium
|b hun
|
| 041 |
|
|
|a eng
|
| 100 |
1 |
|
|a Benyó Dániel
|
| 245 |
1 |
4 |
|a The role of glutathione transferases in the stress tolerance of different plant species
|h [elektronikus dokumentum] /
|c Benyó Dániel
|
| 260 |
|
|
|c 2014
|
| 300 |
|
|
|a 75
|
| 490 |
0 |
|
|a Acta biologica Szegediensis
|v 58 No. 1
|
| 695 |
|
|
|a Molekuláris biológia, Növénybiológia
|
| 856 |
4 |
0 |
|u http://acta.bibl.u-szeged.hu/34550/1/biologica_058_numb_001_075.pdf
|z Dokumentum-elérés
|